000 00541nam a2200181Ia 4500
999 _c8888
_d8888
003 OSt
005 20200826124955.0
008 190216s9999||||xx |||||||||||||| ||und||
020 _a9788120317765
040 _coclc
082 _a658.800285
_bKOS/U
100 _aKosiur, David
_94356
245 0 _aUnderstanding Electronic Commerce /
_cDavid Kosiur
260 _bPrentice Hall Of India Pvt Ltd,
_aNew Delhi:
_c2004.
300 _a287p
650 _aComputer
942 _cBK
_2ddc
_h658.800285
_iKOS/U
_k658.800285
_mKOS/U